Statistiken für Graubünden: Gemeinden nach Einwohnerzahl

Klicken Sie hier um das Quiz zu spielen!

Allgemein

  • Dieses Quiz wurde 47 mal gespielt
  • Das Durchschnittsergebnis liegt bei 10 aus 15

Antwortstatistiken

EinwohnerzahlRegionGemeinde% Korrekt
37'424PlessurChur
100%
10'832-Davos
100%
4945MalojaSt. Moritz
97%
8857-Landquart
93%
3162PlessurArosa
77%
4416Prättigau/DavosKlosters
73%
4624Engiadina Bassa/Val MüstairScuol
70%
4797SurselvaIlanz/Glion
67%
3322ViamalaThusis
63%
8161ImbodenDomat/Ems
57%
3441BerninaPoschiavo
57%
3029LandquartMaienfeld
53%
3520LandquartZizers
53%
3468ImbodenBonaduz
37%
3322LandquartTrimmis
33%

Verteilung der Resultate

Perzentil nach korrekt beantworteten Fragen

Anzahl Personen mit jedem Resultat

Ihre Resultats-Entwicklung

Sie haben dieses Quiz noch nicht gespielt